Biblioteca y Centro de Documentación

La negociación colectiva en el sector agrario (Registro nro. 53264)

Detalles MARC
000 -CABECERA
Longitud fija campo de control 02093nam a2200469 c 4500
001 - NÚMERO DE CONTROL
Número de control 53264
003 - IDENTIFICADOR DE NÚMERO DE CONTROL
Identificador del número de control ES-MaCES
005 - FECHA Y HORA DE LA ÚLTIMA TRANSACCIÓN
Fecha y hora de la última transacción 20250203133054.0
007 - PHYSICAL DESCRIPTION FIXED FIELD--GENERAL INFORMAT
Campo fijo de descripción física cr |||||||||||
008 - CAMPO FIJO DE DESCRIPCIÓN FIJA--INFORMACIÓN GENERAL
Códigos de información de longitud fija   240719s2023 sp d r o000 | spa d
020 ## - ISBN (INTERNATIONAL STANDARD BOOK NUMBER)
Número Internacional Normalizado para Libros (ISBN) 978-84-8417-617-6 (pdf)
024 7# - OTROS IDENTIFICADORES
Número normalizado o código 117-23-011-8
Fuente del número o código nipo
040 ## - FUENTE DE CATALOGACIÓN
Centro catalogador de origen ES-MaCES
Lengua de catalogación spa
Centro transcriptor ES-MaCES
245 03 - MENCIÓN DE TÍTULO
Título La negociación colectiva en el sector agrario
Medio Recurso electrónico
Mención de responsabilidad, etc. dir., Susana Rodríguez Escanciano ; coord., Henar Álvarez Cuesta ; autores, Beatriz Agra Viforcos ... [et al. ]
260 ## - PUBLICACIÓN, DISTRIBUCIÓN, ETC (PIE DE IMPRENTA)
Lugar de publicación, distribución, etc. Madrid
Nombre del editor, distribuidor, etc. Ministerio de Trabajo y Economía Social, Subdirección General de Informes, Recursos y Publicaciones
Fecha de publicación, distribución, etc. [2023]
300 ## - DESCRIPCIÓN FÍSICA
Extensión 1 documento pdf (59,5 mb)
490 1# - MENCIÓN DE SERIE
Mención de serie Colección Informes y estudios. Serie Relaciones laborales
Designación de volumen o secuencia 129
500 ## - NOTA GENERAL
Nota general En la cub., además: Comisión Consultiva Nacional de Convenios Colectivos
541 ## - NOTA DE LA FUENTE INMEDIANTE DE ADQUISICIÓN
Forma de adquisición Gratuito
650 #4 - ASIENTO SECUNDARIO DE MATERIA--TÉRMINO DE MATERIA
Término de materia o nombre geográfico como elemento inicial sector agrícola
9 (RLIN) 27488
650 #4 - ASIENTO SECUNDARIO DE MATERIA--TÉRMINO DE MATERIA
Término de materia o nombre geográfico como elemento inicial política agraria
9 (RLIN) 27494
650 #4 - ASIENTO SECUNDARIO DE MATERIA--TÉRMINO DE MATERIA
Término de materia o nombre geográfico como elemento inicial política comunitaria
9 (RLIN) 30776
650 #4 - ASIENTO SECUNDARIO DE MATERIA--TÉRMINO DE MATERIA
Término de materia o nombre geográfico como elemento inicial desarrollo agrícola
9 (RLIN) 27491
650 #4 - ASIENTO SECUNDARIO DE MATERIA--TÉRMINO DE MATERIA
Término de materia o nombre geográfico como elemento inicial desarrollo sostenible
9 (RLIN) 30785
650 #4 - ASIENTO SECUNDARIO DE MATERIA--TÉRMINO DE MATERIA
Término de materia o nombre geográfico como elemento inicial política de empleo
9 (RLIN) 28300
650 #4 - ASIENTO SECUNDARIO DE MATERIA--TÉRMINO DE MATERIA
Término de materia o nombre geográfico como elemento inicial negociación colectiva
9 (RLIN) 28362
650 #4 - ASIENTO SECUNDARIO DE MATERIA--TÉRMINO DE MATERIA
Término de materia o nombre geográfico como elemento inicial convenio colectivo
9 (RLIN) 28361
650 #4 - ASIENTO SECUNDARIO DE MATERIA--TÉRMINO DE MATERIA
Término de materia o nombre geográfico como elemento inicial condiciones de trabajo
9 (RLIN) 28327
650 #4 - ASIENTO SECUNDARIO DE MATERIA--TÉRMINO DE MATERIA
Término de materia o nombre geográfico como elemento inicial condiciones de empleo
9 (RLIN) 30040
650 #4 - ASIENTO SECUNDARIO DE MATERIA--TÉRMINO DE MATERIA
Término de materia o nombre geográfico como elemento inicial España
9 (RLIN) 26964
653 10 - TÉRMINO DE INDEXACIÓN--NO CONTROLADO
Término no controlado Relaciones laborales-Empleo
700 12 - ENCABEZAMIENTO SECUNDARIO--NOMBRE PERSONAL
Nombre de persona Rodríguez Escanciano, Susana
9 (RLIN) 22329
Término indicativo de función dir.
700 12 - ENCABEZAMIENTO SECUNDARIO--NOMBRE PERSONAL
Nombre de persona Álvarez Cuesta, Henar
9 (RLIN) 6119
Término indicativo de función col.
700 12 - ENCABEZAMIENTO SECUNDARIO--NOMBRE PERSONAL
Nombre de persona Agra Viforcos, Beatriz
9 (RLIN) 5642
710 1# - ENCABEZAMIENTO SECUNDARIO--NOMBRE CORPORATIVO
Nombre de entidad o nombre de jurisdicción como elemento inicial España
Unidad subordinada Ministerio de Trabajo y Economía Social
Término indicativo de función ed.
9 (RLIN) 39731
710 1# - ENCABEZAMIENTO SECUNDARIO--NOMBRE CORPORATIVO
Nombre de entidad o nombre de jurisdicción como elemento inicial Comisión Consultiva Nacional de Convenios Colectivos (España)
9 (RLIN) 2011
787 0# - ENTRADA DE OTRAS ESPECIFICACIONES
Título La negociación colectiva en el sector agrario
Número de control del registro relacionado (ES-MaCES)19941
830 #0 - ENCABEZAMIENTO SECUNDARIO DE COLECCIÓN--TÍTULO UNIFORME
Título uniforme Colección Informes y estudios (España. Ministerio de Trabajo y Economía Social)
Nombre de parte o sección de la obra Serie Relaciones laborales
Designación de volumen o secuencia 129
9 (RLIN) 39985
856 4# - ACCESO ELECTRÓNICO
Identificador Uniforme del Recurso (URI) http://biblioteca.ces.es/repintra/B53264.pdf
Texto del enlace texto completo
902 ## - CES. TIPO DE DOCUMENTO
Tipodoc (006$c Sirtex) ELE PUB. ELECTRONICA
942 ## - ELEMENTOS KOHA
Fuente de clasificaión o esquema Clasificación propia del CES
Koha [por defecto] tipo de item Monografías
Parte de clasificación Relaciones Laborales y Rel. Lab.- Empleo

No hay ítems disponibles.

© CES, Consejo Económico y Social de España 2021